Countries in Africa - Statistics

General Stats
  • This quiz has been taken 108 times
  • The average score is 39 of 54
Answers on the Map
Answers color-coded by a green-red scale on the quiz's map according to % correct below.
 
Answer Stats
Answer % Correct
Egypt
96%
Algeria
92%
Madagascar
92%
South Africa
92%
Chad
90%
Democratic Republic of the Congo
88%
Niger
88%
Nigeria
88%
Morocco
86%
Ethiopia
84%
Sudan
84%
Kenya
82%
Libya
82%
Republic of the Congo
82%
Zimbabwe
82%
Angola
78%
Mali
78%
South Sudan
78%
Zambia
78%
Somalia
76%
Uganda
76%
Tunisia
75%
Ghana
73%
Guinea
73%
Lesotho
73%
Eritrea
71%
Mozambique
71%
Botswana
69%
Central African Republic
69%
Ivory Coast
69%
Rwanda
69%
Senegal
69%
Seychelles
69%
Togo
69%
Benin
65%
Cameroon
65%
Equatorial Guinea
65%
Namibia
65%
Tanzania
65%
Burkina Faso
63%
Gabon
63%
Guinea-Bissau
63%
Mauritania
63%
Mauritius
61%
Djibouti
59%
Eswatini
59%
Liberia
59%
Malawi
59%
Gambia
57%
Comoros
55%
Cape Verde
53%
Sierra Leone
53%
Burundi
49%
Sao Tome and Principe
47%
No matching quizzes found
Score Distribution
Percent of People with Each Score
Percentile by Number Answered
Your Score History
You have not taken this quiz